1052 1631 1343 1753 1803 1744 1697 1300 1492 1101 1555 1608 1701 1982 1314 1186 1248 1711 1763 1161 1436 1192 1212 1173 1979 1326 1623 1005 1089 1611 1699 1770 1614 1540 1944 1941 1607 1512 1626 1523 1960 1138 1785 1906 1129 1276 1313 1777 1526 1303 1017 1848 1377 1443 1044 1608 1815 1586 1891 1473 1007 1849 1795 1248 1942 1789 1795 1582 1997 1175 1991 1044 1530 1405 1121 1440 1627 1451 1915 1742 1250 1814 1167 1217 1421 1205 1175 1217 1881 1125 1500 1132 1855 1549 1282 1625 1821 1579 1835 BCNSPRNW ULIB Ver.6.0+V

เปลี่ยนเป็นภาษาไทย

Change to English
 แสดงรายละเอียดบรรณานุกรม
  กลับหน้าหลัก

Brief Record : Get Marc (ISO 2709) : E-mail record : QR code < ปิดหน้าต่าง
LEADER : 00000nam 2200000uu 4500
001    13399127033
003     ULIB
008    020711s2558 th a 000 0 tha d
020    ^a9786163920034
060    ^aWS103^bก344ข
110 1  ^aกองบรรณาธิการสำนักพิมพ์โลกหนังสือ
245    ^aขนมปังขิงผจญภัย (THE ADVENTURE OF GINGER BREA D) :ชุดหนูอ่านเองได้ (สองภาษา ไทย-อังกฤษ)
250    ^aพิมพ์ครั้งที่ 1
260    ^aกรุงเทพฯ :^bบริษัทสำนักพิมพ์โลกหนังสือ จำกัด,^c2558
300    ^a10 หน้า;^b21 ซม.
650    ^aเด็ก^xการเรียนการสอน
945    ^p50^l0^i006221
999    ^aประนอม เกษจรัล
รายการนี้ยังไม่มีแท็ก
คุณยังไม่ได้ล็อกอิน คุณสามารถมีกิจกรรมร่วมกับเว็บไซต์ได้ แต่ต้องล็อกอินก่อน ::
  ล็อกอิน

รายการสื่อสารสนเทศ

ลำดับที่ ประเภท เลขเรียก/บาร์โค้ด สถานที่ สถานะ
1. วิทยาศาสตร์การแพทย์ และสุขภาพ
วิทยาศาสตร์การแพทย์ และสุขภาพ
WS103 ก344ข ฉ.1 
  Barcode: 006221
ห้องสมุดวิทยาเขตสวรรค์ประชารักษ์
►หนังสือทั่วไป
บนชั้น

BibComment


ยังไม่เคยถูกคอมเมนท์

คอมเมนท์ทรัพยากรรายการนี้
  คอมเมนท์: ขนมปังขิงผจญภัย ..


 Copyright 2026. Bcnsprnw @Library